00509 2200193 4500001002100000005001800021008004100039035002400080090001000104100001800114245005300132250001100185260002900196300002800225650001200253700002000265850001500285999001500300YOGYA-0211000000702320110210125823546 ind  0010-021100000007023 a613.2 aBELLAART,A.C. aIkhtisar ringkasan vitamin dan hormon terpenting aCet. 4 aJakartabDjambatanc1983 avi,84 hlm.;Ilus.;21 cm. aVitamin aMuliawan,Martin aYOPDYOG[B] a93P0046561